Introduction to Computers and Information Systems

Bibliographic Details
Main Author: Athey, Thomas H.
Other Authors: Zmud, Robert W.
Format: Book
Language:English
Published: Glenview, Illinois : Scott,Foresman , c1988
Edition:Second Edition
Subjects:

MARC

LEADER 00000cam a2200000 7i4500
001 0000000232
005 20230517.0
008 991123 ilu eng
020 |a 0673189902 (hbk) 
040 |a INS 
090 0 0 |a QA76   |b .A8423 1988 
100 1 |a Athey, Thomas H. 
245 1 0 |a Introduction to Computers and Information Systems   |c Thomas H. Athey and Robert W. Zmud 
250 |a Second Edition 
260 |a Glenview, Illinois :   |b Scott,Foresman ,   |c c1988 
300 |a xxxi, 539 p. :   |b col., ill. ;   |c 26 cm. 
504 |a Includes bibliographical references and index 
650 0 |a Computers 
650 0 |a Information storage and retrieval systems 
700 1 |a Zmud, Robert W. 
999 |a 0000004551   |b BOOK   |c Open Shelf   |e Default branch 
999 |a 0000023330   |b BOOK   |c Open Shelf   |e Default branch